Statistics for 5 Largest cities in Yemen

Click here to take the quiz!

General Stats

  • This quiz has been taken 124 times
  • The average score is 2 of 5

Answer Stats

Answer% Correct
San'aa
100%
Aden
80%
Taiz
42%
Al Hudaydah
18%
Mukkala
5%

Score Distribution

Percentile by Number Answered

Percent of People with Each Score

Your Score History

You have not taken this quiz